[Event "Superfinal (women)"]
[Site "Moscow"]
[Date "2020.12.14"]
[Round "9.4"]
[White "Grigorieva, Yulia"]
[Black "Shuvalova, Polina"]
[Result "1/2-1/2"]
[BlackElo "2456"]
[WhiteElo "2290"]
[LiveChessVersion "1.4.8"]

1. d4 {[%clk 1:30:57]} Nf6 {[%clk 1:30:51]} 2. c4 {[%clk 1:31:20]} e6
{[%clk 1:31:18]} 3. Nf3 {[%clk 1:31:39]} b6 {[%clk 1:30:23]} 4. e3
{[%clk 1:31:58]} Bb7 {[%clk 1:30:46]} 5. Nc3 {[%clk 1:32:03]} d5 {[%clk 1:30:23]}
6. cxd5 {[%clk 1:32:18]} exd5 {[%clk 1:30:43]} 7. g3 {[%clk 1:32:24]} Bd6
{[%clk 1:29:22]} 8. Bg2 {[%clk 1:32:31]} a6 {[%clk 1:29:28]} 9. O-O
{[%clk 1:32:10]} Nbd7 {[%clk 1:29:04]} 10. b3 {[%clk 1:31:50]} O-O
{[%clk 1:29:08]} 11. Bb2 {[%clk 1:31:51]} Qe7 {[%clk 1:28:44]} 12. Rc1
{[%clk 1:30:59]} Rfe8 {[%clk 1:25:51]} 13. Ne1 {[%clk 1:25:23]} Ne4
{[%clk 1:23:19]} 14. Nd3 {[%clk 1:24:24]} Rad8 {[%clk 1:21:07]} 15. Re1
{[%clk 1:13:19]} g6 {[%clk 1:20:45]} 16. Qc2 {[%clk 1:01:23]} Rc8
{[%clk 1:09:40]} 17. Qe2 {[%clk 0:53:48]} h5 {[%clk 1:08:32]} 18. f4
{[%clk 0:40:33]} c5 {[%clk 0:59:54]} 19. Nxe4 {[%clk 0:35:00]} dxe4
{[%clk 0:58:43]} 20. Ne5 {[%clk 0:34:34]} cxd4 {[%clk 0:53:48]} 21. exd4
{[%clk 0:34:48]} Nf6 {[%clk 0:52:00]} 22. Rxc8 {[%clk 0:27:06]} Rxc8
{[%clk 0:49:11]} 23. Bh3 {[%clk 0:25:17]} Rc7 {[%clk 0:46:16]} 24. Rf1
{[%clk 0:23:15]} Ba3 {[%clk 0:33:41]} 25. f5 {[%clk 0:18:06]} Bxb2
{[%clk 0:27:12]} 26. Qxb2 {[%clk 0:18:31]} gxf5 {[%clk 0:21:00]} 27. Qd2
{[%clk 0:12:41]} Nd5 {[%clk 0:16:27]} 28. Bxf5 {[%clk 0:12:02]} e3
{[%clk 0:15:52]} 29. Qd3 {[%clk 0:08:07]} Qg5 {[%clk 0:15:02]} 30. Nf3
{[%clk 0:06:19]} Qh6 {[%clk 0:14:33]} 31. Re1 {[%clk 0:04:44]} Re7
{[%clk 0:13:58]} 32. Ne5 {[%clk 0:03:13]} h4 {[%clk 0:14:19]} 33. Qe4
{[%clk 0:01:55]} f6 {[%clk 0:09:09]} 34. Be6+ {[%clk 0:01:08]} Rxe6
{[%clk 0:04:36]} 35. Qg4+ {[%clk 0:01:31]} Kh7 {[%clk 0:02:37]} 36. Qf5+
{[%clk 0:02:00]} Kg7 {[%clk 0:02:52]} 37. Qxe6 {[%clk 0:00:47]} fxe5
{[%clk 0:01:22]} 38. Qd7+ {[%clk 0:01:08]} Kh8 {[%clk 0:00:32]} 39. Qxb7
{[%clk 0:00:45]} Qf6 {[%clk 0:00:31]} 40. Qb8+ {[%clk 0:30:37]} Kh7
{[%clk 0:30:53]} 41. Rf1 {[%clk 0:13:23]} e2 {[%clk 0:30:01]} 42. Qb7+
{[%clk 0:13:45]} Qg7 {[%clk 0:27:29]} 43. Qxg7+ {[%clk 0:13:29]} Kxg7
{[%clk 0:27:57]} 44. Re1 {[%clk 0:13:44]} exd4 {[%clk 0:28:24]} 45. Rxe2
{[%clk 0:13:52]} hxg3 {[%clk 0:28:49]} 46. hxg3 {[%clk 0:13:13]} Kf6
{[%clk 0:28:47]} 47. Kg2 {[%clk 0:10:14]} Nc3 {[%clk 0:27:59]} 48. Rd2
{[%clk 0:10:02]} Ke5 {[%clk 0:28:26]} 49. Kf3 {[%clk 0:09:33]} b5
{[%clk 0:28:03]} 50. g4 {[%clk 0:08:11]} a5 {[%clk 0:27:34]} 51. g5
{[%clk 0:06:26]} Kf5 {[%clk 0:27:04]} 52. Rxd4 {[%clk 0:04:25]} Kxg5
{[%clk 0:27:15]} 53. a4 {[%clk 0:01:34]} bxa4 {[%clk 0:26:03]} 54. bxa4
{[%clk 0:01:55]} Kf5 {[%clk 0:25:33]} 55. Rc4 {[%clk 0:01:54]} Nd5
{[%clk 0:25:48]} 56. Rc5 {[%clk 0:02:03]} Ke5 {[%clk 0:26:14]} 57. Rxa5
{[%clk 0:01:49]} Kd4 {[%clk 0:26:42]} 58. Rb5 {[%clk 0:01:02]} Kc4
{[%clk 0:27:02]} 59. Rb8 {[%clk 0:00:57]} Nb4 {[%clk 0:27:17]} 60. Ke4
{[%clk 0:00:53]} Na6 {[%clk 0:26:45]} 61. Ra8 {[%clk 0:00:51]} Nc5+
{[%clk 0:27:02]} 62. Ke5 {[%clk 0:01:03]} Kb4 {[%clk 0:26:36]} 63. a5
{[%clk 0:01:25]} Kb5 {[%clk 0:26:59]} 64. Ra7 {[%clk 0:00:39]} Na6
{[%clk 0:26:31]} 65. Kd6 {[%clk 0:00:42]} Nb4 {[%clk 0:23:06]} 66. Ra8
{[%clk 0:00:47]} Na6 {[%clk 0:23:27]} 67. Kd7 {[%clk 0:00:44]} Nc5+
{[%clk 0:23:33]} 68. Kc8 {[%clk 0:00:43]} Na6 {[%clk 0:23:53]} 69. Ra7
{[%clk 0:01:07]} Nc5 {[%clk 0:23:53]} 70. Kb8 {[%clk 0:01:00]} Na6+
{[%clk 0:24:06]} 71. Ka8 {[%clk 0:01:01]} Nc5 {[%clk 0:24:23]} 72. Rc7
{[%clk 0:01:09]} Na6 {[%clk 0:24:35]} 73. Ra7 {[%clk 0:01:11]} Nc5
{[%clk 0:24:57]} 74. Kb8 {[%clk 0:01:10]} Na6+ {[%clk 0:25:23]} 75. Kb7
{[%clk 0:01:28]} Nc5+ {[%clk 0:25:51]} 76. Kc7 {[%clk 0:01:51]} Na6+
{[%clk 0:26:17]} 77. Kd6 {[%clk 0:02:18]} Nb4 {[%clk 0:26:32]} 78. Rb7+
{[%clk 0:01:40]} Kxa5 {[%clk 0:26:51]} 79. Kc5 {[%clk 0:01:44]} Na6+
{[%clk 0:24:56]} 80. Kc4 {[%clk 0:01:43]} Ka4 {[%clk 0:25:19]} 81. Rb6
{[%clk 0:01:13]} Ka5 {[%clk 0:24:29]} 82. Rb5+ {[%clk 0:01:11]} Ka4
{[%clk 0:24:58]} 83. Rb1 {[%clk 0:00:53]} Ka5 {[%clk 0:25:22]} 84. Kd4
{[%clk 0:01:02]} Nb4 {[%clk 0:24:39]} 85. Kc3 {[%clk 0:01:16]} Na6
{[%clk 0:24:49]} 86. Kc4 {[%clk 0:01:40]} Nc7 {[%clk 0:25:15]} 87. Rh1
{[%clk 0:01:04]} Kb6 {[%clk 0:22:48]} 88. Rh7 {[%clk 0:01:27]} Kc6
{[%clk 0:23:07]} 89. Rh6+ {[%clk 0:01:50]} Kd7 {[%clk 0:22:01]} 90. Kc5
{[%clk 0:02:08]} Ne6+ {[%clk 0:22:25]} 91. Kd5 {[%clk 0:02:34]} Nc7+
{[%clk 0:22:52]} 92. Ke5 {[%clk 0:02:59]} Nb5 {[%clk 0:23:16]} 93. Ra6
{[%clk 0:02:50]} Nc7 {[%clk 0:23:35]} 94. Rb6 {[%clk 0:03:16]} Ne8
{[%clk 0:23:48]} 1/2-1/2

[Event "Superfinal (women)"]
[Site "Moscow"]
[Date "2020.12.14"]
[Round "9.5"]
[White "Goryachkina, Aleksandra"]
[Black "Kashlinskaya, Alina"]
[Result "1/2-1/2"]
[BlackElo "2494"]
[WhiteElo "2593"]
[LiveChessVersion "1.4.8"]

1. c4 {[%clk 1:30:51]} e5 {[%clk 1:30:52]} 2. Nc3 {[%clk 1:30:58]} Bb4
{[%clk 1:31:12]} 3. Nd5 {[%clk 1:30:55]} Be7 {[%clk 1:31:30]} 4. d4
{[%clk 1:28:45]} exd4 {[%clk 1:31:38]} 5. Nf3 {[%clk 1:29:07]} Nf6
{[%clk 1:23:46]} 6. Nxd4 {[%clk 1:29:16]} O-O {[%clk 1:21:31]} 7. g3
{[%clk 1:28:52]} Nxd5 {[%clk 1:12:06]} 8. cxd5 {[%clk 1:29:19]} Bb4+
{[%clk 1:05:26]} 9. Bd2 {[%clk 1:29:28]} Bxd2+ {[%clk 1:05:41]} 10. Qxd2
{[%clk 1:29:56]} c5 {[%clk 1:05:39]} 11. dxc6 {[%clk 1:19:18]} dxc6
{[%clk 0:59:32]} 12. Bg2 {[%clk 1:19:24]} Qb6 {[%clk 0:47:47]} 13. Qc3
{[%clk 1:12:11]} Rd8 {[%clk 0:47:52]} 14. e3 {[%clk 1:03:28]} Na6
{[%clk 0:45:45]} 15. O-O {[%clk 1:02:21]} Nc7 {[%clk 0:45:50]} 16. Rfd1
{[%clk 0:45:17]} Bg4 {[%clk 0:44:33]} 17. Rd2 {[%clk 0:44:46]} Nb5
{[%clk 0:38:49]} 18. Nxb5 {[%clk 0:44:50]} Qxb5 {[%clk 0:39:02]} 19. h3
{[%clk 0:43:47]} Be6 {[%clk 0:37:36]} 20. Rad1 {[%clk 0:41:02]} Rxd2
{[%clk 0:36:47]} 21. Rxd2 {[%clk 0:39:55]} Bxa2 {[%clk 0:26:47]} 22. Qa3
{[%clk 0:39:09]} Be6 {[%clk 0:22:46]} 23. Qxa7 {[%clk 0:38:41]} Re8
{[%clk 0:22:47]} 24. Qd4 {[%clk 0:38:29]} h6 {[%clk 0:22:39]} 25. Kh2
{[%clk 0:37:34]} Ra8 {[%clk 0:21:26]} 26. Be4 {[%clk 0:34:03]} Bf5
{[%clk 0:15:45]} 27. Bxf5 {[%clk 0:34:04]} Qxf5 {[%clk 0:16:11]} 28. Kg2
{[%clk 0:34:15]} Qb1 {[%clk 0:13:17]} 29. Rd1 {[%clk 0:32:53]} Qc2
{[%clk 0:13:33]} 30. Rd2 {[%clk 0:32:56]} Qb1 {[%clk 0:13:57]} 31. Rd1
{[%clk 0:33:07]} Qc2 {[%clk 0:14:18]} 32. Rd2 {[%clk 0:33:26]} 1/2-1/2

[Event "Superfinal (women)"]
[Site "Moscow"]
[Date "2020.12.14"]
[Round "9.6"]
[White "Girya, Olga"]
[Black "Guseva, Marina"]
[Result "0-1"]
[BlackElo "2359"]
[WhiteElo "2464"]
[LiveChessVersion "1.4.8"]

1. d4 {[%clk 1:30:58]} d5 {[%clk 1:30:55]} 2. c4 {[%clk 1:31:19]} c6
{[%clk 1:31:21]} 3. Nf3 {[%clk 1:31:44]} Nf6 {[%clk 1:31:47]} 4. Nc3
{[%clk 1:32:01]} e6 {[%clk 1:32:05]} 5. g3 {[%clk 1:32:23]} dxc4 {[%clk 1:32:13]}
6. Bg2 {[%clk 1:32:49]} Nbd7 {[%clk 1:32:40]} 7. a4 {[%clk 1:32:58]} Be7
{[%clk 1:32:49]} 8. O-O {[%clk 1:33:19]} O-O {[%clk 1:33:14]} 9. e4
{[%clk 1:33:20]} e5 {[%clk 1:33:39]} 10. dxe5 {[%clk 1:32:31]} Ng4
{[%clk 1:34:04]} 11. Bf4 {[%clk 1:32:12]} Qa5 {[%clk 1:34:28]} 12. e6
{[%clk 1:30:53]} fxe6 {[%clk 1:34:50]} 13. Bh3 {[%clk 1:31:02]} Qh5
{[%clk 1:29:55]} 14. Ng5 {[%clk 1:30:36]} Ndf6 {[%clk 1:27:15]} 15. e5
{[%clk 1:30:08]} Nxe5 {[%clk 1:26:49]} 16. Qxh5 {[%clk 1:30:31]} Nxh5
{[%clk 1:27:12]} 17. Bxe5 {[%clk 1:30:57]} Bxg5 {[%clk 1:27:36]} 18. Ne4
{[%clk 1:30:20]} Be7 {[%clk 1:12:47]} 19. Nd2 {[%clk 1:30:25]} Nf6
{[%clk 1:08:40]} 20. Nxc4 {[%clk 1:30:46]} Rd8 {[%clk 1:00:47]} 21. Rfe1
{[%clk 1:26:44]} Nd5 {[%clk 0:58:42]} 22. Rad1 {[%clk 1:07:29]} Bd7
{[%clk 0:45:23]} 23. Rd3 {[%clk 0:56:26]} Re8 {[%clk 0:38:07]} 24. Nd6
{[%clk 0:32:10]} Bxd6 {[%clk 0:38:31]} 25. Bxd6 {[%clk 0:32:37]} Rad8
{[%clk 0:38:52]} 26. Be5 {[%clk 0:32:18]} c5 {[%clk 0:34:19]} 27. b3
{[%clk 0:25:07]} Kf7 {[%clk 0:34:01]} 28. Rd2 {[%clk 0:23:16]} b6
{[%clk 0:28:51]} 29. f4 {[%clk 0:20:36]} Bc6 {[%clk 0:28:13]} 30. Red1
{[%clk 0:18:37]} g6 {[%clk 0:26:27]} 31. g4 {[%clk 0:15:46]} Re7 {[%clk 0:17:12]}
32. Re1 {[%clk 0:07:59]} Rde8 {[%clk 0:10:40]} 33. Bf1 {[%clk 0:07:24]} Nb4
{[%clk 0:08:07]} 34. f5 {[%clk 0:06:49]} gxf5 {[%clk 0:04:10]} 35. gxf5
{[%clk 0:07:17]} Rg8+ {[%clk 0:03:06]} 36. Kf2 {[%clk 0:06:55]} Bd5
{[%clk 0:03:31]} 37. f6 {[%clk 0:06:31]} Ree8 {[%clk 0:02:24]} 38. Re3
{[%clk 0:03:01]} Rg5 {[%clk 0:02:25]} 39. Ke1 {[%clk 0:01:04]} Reg8
{[%clk 0:02:10]} 40. Rf2 {[%clk 0:30:52]} Rf5 {[%clk 0:30:56]} 41. Rxf5
{[%clk 0:23:33]} Nc2+ {[%clk 0:18:13]} 42. Ke2 {[%clk 0:23:37]} Nxe3
{[%clk 0:16:49]} 43. Rh5 {[%clk 0:23:47]} Kg6 {[%clk 0:15:15]} 44. Rh3
{[%clk 0:20:41]} Ng4 {[%clk 0:14:35]} 45. Bb2 {[%clk 0:05:04]} e5
{[%clk 0:05:18]} 46. f7 {[%clk 0:03:28]} Bxf7 {[%clk 0:05:21]} 47. Bg2
{[%clk 0:03:43]} h5 {[%clk 0:05:03]} 48. Be4+ {[%clk 0:02:09]} Kf6
{[%clk 0:05:12]} 49. Rf3+ {[%clk 0:02:19]} Ke7 {[%clk 0:05:29]} 50. Rxf7+
{[%clk 0:01:17]} Kxf7 51. Bd5+ {[%clk 0:01:47]} Kf8 {[%clk 0:06:03]} 52. Bxg8
{[%clk 0:02:11]} Kxg8 {[%clk 0:06:26]} 53. h3 {[%clk 0:02:38]} Nf6
{[%clk 0:06:42]} 54. Bxe5 {[%clk 0:03:06]} Kf7 {[%clk 0:07:06]} 55. Bb8
{[%clk 0:02:05]} Nd7 {[%clk 0:07:22]} 56. Bxa7 {[%clk 0:01:33]} Ke6
{[%clk 0:07:48]} 57. h4 {[%clk 0:01:15]} Kd5 {[%clk 0:07:37]} 58. Kd3
{[%clk 0:01:25]} Kc6 {[%clk 0:07:53]} 59. Ke4 {[%clk 0:01:28]} Kb7
{[%clk 0:07:58]} 60. Bxb6 {[%clk 0:01:54]} Kxb6 {[%clk 0:06:04]} 61. Kd5
{[%clk 0:00:58]} Nb8 {[%clk 0:05:26]} 62. Kc4 {[%clk 0:00:39]} Nc6
{[%clk 0:05:40]} 63. Kc3 {[%clk 0:00:35]} Ne7 {[%clk 0:06:00]} 64. Kc4
{[%clk 0:00:52]} Nf5 {[%clk 0:06:04]} 65. a5+ {[%clk 0:01:18]} Kc6
{[%clk 0:06:27]} 66. a6 {[%clk 0:00:55]} Nxh4 {[%clk 0:06:33]} 0-1

[Event "Superfinal (women)"]
[Site "Moscow"]
[Date "2020.12.15"]
[Round "10.1"]
[White "Kosteniuk, Alexandra"]
[Black "Guseva, Marina"]
[Result "0-1"]
[BlackElo "2359"]
[WhiteElo "2471"]
[LiveChessVersion "1.4.8"]

1. e4 {[%clk 1:30:57]} c5 {[%clk 1:30:55]} 2. Nf3 {[%clk 1:31:22]} d6
{[%clk 1:31:21]} 3. Bb5+ {[%clk 1:31:47]} Nd7 {[%clk 1:31:46]} 4. Ba4
{[%clk 1:31:57]} a6 {[%clk 1:32:08]} 5. c3 {[%clk 1:32:16]} Ngf6 {[%clk 1:31:57]}
6. Bc2 {[%clk 1:32:17]} b5 {[%clk 1:29:32]} 7. d4 {[%clk 1:28:56]} Bb7
{[%clk 1:25:58]} 8. Nbd2 {[%clk 1:28:14]} Qc7 {[%clk 1:19:55]} 9. O-O
{[%clk 1:27:47]} Rc8 {[%clk 1:18:28]} 10. d5 {[%clk 1:19:48]} g6 {[%clk 1:18:39]}
11. a4 {[%clk 1:13:30]} Bg7 {[%clk 1:18:22]} 12. Qe2 {[%clk 1:13:42]} Qb6
{[%clk 1:13:55]} 13. c4 {[%clk 1:09:25]} O-O {[%clk 0:46:09]} 14. axb5
{[%clk 0:54:16]} axb5 {[%clk 0:46:34]} 15. cxb5 {[%clk 0:54:36]} c4
{[%clk 0:42:36]} 16. Ba4 {[%clk 0:45:12]} e6 {[%clk 0:39:56]} 17. Nxc4
{[%clk 0:40:22]} Qc7 {[%clk 0:39:25]} 18. dxe6 {[%clk 0:34:10]} fxe6
{[%clk 0:35:39]} 19. Ncd2 {[%clk 0:30:06]} d5 {[%clk 0:20:04]} 20. Ng5
{[%clk 0:21:27]} Nc5 {[%clk 0:19:40]} 21. e5 {[%clk 0:21:22]} Nh5
{[%clk 0:17:52]} 22. Nb3 {[%clk 0:21:41]} Qe7 {[%clk 0:15:45]} 23. Nxc5
{[%clk 0:19:25]} Rxc5 {[%clk 0:16:10]} 24. f4 {[%clk 0:17:15]} Rxc1
{[%clk 0:15:02]} 25. Raxc1 {[%clk 0:12:04]} Nxf4 {[%clk 0:15:28]} 26. Qg4
{[%clk 0:07:40]} h5 {[%clk 0:14:55]} 27. Qf3 {[%clk 0:07:09]} Qxg5
{[%clk 0:14:36]} 28. Kh1 {[%clk 0:07:12]} Qxe5 {[%clk 0:11:27]} 29. Rfe1
{[%clk 0:04:11]} Qd6 {[%clk 0:09:20]} 30. Bc2 {[%clk 0:04:12]} e5
{[%clk 0:08:43]} 31. Qa3 {[%clk 0:04:14]} Qb6 {[%clk 0:07:18]} 32. Qe7
{[%clk 0:04:01]} d4 {[%clk 0:07:08]} 33. Bb3+ {[%clk 0:03:29]} Kh8
{[%clk 0:05:52]} 34. h3 {[%clk 0:02:24]} Bxg2+ {[%clk 0:05:00]} 35. Kh2
{[%clk 0:02:53]} e4 {[%clk 0:01:09]} 36. Rc7 {[%clk 0:01:51]} Qf6
{[%clk 0:01:36]} 37. Ra1 {[%clk 0:01:00]} Qxe7 38. Rxe7 {[%clk 0:01:28]} Bf6
{[%clk 0:01:16]} 39. Rc7 {[%clk 0:01:37]} Be5 {[%clk 0:01:40]} 40. Re7
{[%clk 0:31:32]} Bb8 {[%clk 0:31:44]} 41. Rf7 {[%clk 0:29:33]} Rxf7
{[%clk 0:27:55]} 42. Bxf7 {[%clk 0:29:48]} e3 {[%clk 0:28:03]} 43. Bxg6
{[%clk 0:29:09]} Bb7 {[%clk 0:26:30]} 0-1

[Event "Superfinal (women)"]
[Site "Moscow"]
[Date "2020.12.15"]
[Round "10.2"]
[White "Kashlinskaya, Alina"]
[Black "Girya, Olga"]
[Result "1/2-1/2"]
[BlackElo "2464"]
[WhiteElo "2494"]
[LiveChessVersion "1.4.8"]

1. d4 {[%clk 1:30:56]} Nf6 {[%clk 1:30:54]} 2. c4 {[%clk 1:31:19]} e6
{[%clk 1:31:21]} 3. Nf3 {[%clk 1:31:44]} d5 {[%clk 1:31:46]} 4. Nc3
{[%clk 1:32:03]} Bb4 {[%clk 1:32:09]} 5. cxd5 {[%clk 1:32:26]} exd5
{[%clk 1:32:36]} 6. Bg5 {[%clk 1:32:50]} h6 {[%clk 1:32:43]} 7. Bh4
{[%clk 1:33:14]} O-O {[%clk 1:32:26]} 8. e3 {[%clk 1:33:36]} Bf5 {[%clk 1:32:40]}
9. Be2 {[%clk 1:33:52]} Nbd7 {[%clk 1:26:28]} 10. Qb3 {[%clk 1:33:56]} Bxc3+
{[%clk 1:25:36]} 11. Qxc3 {[%clk 1:33:57]} Rc8 {[%clk 1:20:51]} 12. Qa3
{[%clk 1:23:37]} a6 {[%clk 1:04:54]} 13. Rc1 {[%clk 1:11:05]} g5 {[%clk 0:55:44]}
14. Bg3 {[%clk 1:11:10]} Ne4 {[%clk 0:56:05]} 15. Nd2 {[%clk 1:00:49]} Ndf6
{[%clk 0:43:45]} 16. Nxe4 {[%clk 0:47:11]} Nxe4 {[%clk 0:44:05]} 17. Qb4
{[%clk 0:46:19]} c6 {[%clk 0:31:23]} 18. Qxb7 {[%clk 0:43:20]} Qa5+
{[%clk 0:30:31]} 19. Kf1 {[%clk 0:43:28]} Qxa2 {[%clk 0:28:08]} 20. Re1
{[%clk 0:34:32]} Bg6 {[%clk 0:22:55]} 21. Bc7 {[%clk 0:26:13]} c5
{[%clk 0:11:44]} 22. f3 {[%clk 0:22:00]} Nd2+ {[%clk 0:11:58]} 23. Kf2
{[%clk 0:22:25]} cxd4 {[%clk 0:12:14]} 24. exd4 {[%clk 0:22:40]} Qb3
{[%clk 0:08:52]} 25. Qxb3 {[%clk 0:21:55]} Nxb3 {[%clk 0:09:21]} 26. Bd6
{[%clk 0:21:20]} Rfe8 {[%clk 0:08:51]} 27. Bxa6 {[%clk 0:20:45]} Rxe1
{[%clk 0:07:10]} 28. Rxe1 {[%clk 0:21:06]} Rc6 {[%clk 0:07:25]} 29. Re8+
{[%clk 0:15:34]} Kh7 {[%clk 0:07:54]} 30. Be5 {[%clk 0:15:59]} f6
{[%clk 0:08:21]} 31. Re7+ {[%clk 0:16:08]} Kh8 {[%clk 0:08:47]} 32. Bb5
{[%clk 0:13:34]} Rc2+ {[%clk 0:08:26]} 33. Kg3 {[%clk 0:13:51]} fxe5
{[%clk 0:08:46]} 34. Ba4 {[%clk 0:14:17]} Rxb2 {[%clk 0:02:34]} 35. Rb7
{[%clk 0:14:44]} exd4 {[%clk 0:02:48]} 36. Rxb3 {[%clk 0:14:24]} Ra2
{[%clk 0:02:56]} 37. Rb4 {[%clk 0:10:47]} d3 {[%clk 0:02:25]} 38. Bc6
{[%clk 0:09:19]} h5 {[%clk 0:01:11]} 39. h4 {[%clk 0:04:27]} gxh4+
{[%clk 0:01:27]} 40. Rxh4 {[%clk 0:33:23]} Ra6 {[%clk 0:30:43]} 41. Bxd5
{[%clk 0:27:32]} Kg7 {[%clk 0:18:52]} 42. Rd4 {[%clk 0:20:47]} Rd6
{[%clk 0:17:28]} 43. Kf4 {[%clk 0:20:51]} Bf7 {[%clk 0:10:25]} 44. Rxd3
{[%clk 0:20:47]} Rxd5 {[%clk 0:10:44]} 45. Rxd5 {[%clk 0:21:11]} Bxd5
{[%clk 0:11:12]} 46. Kg5 {[%clk 0:21:33]} Bf7 {[%clk 0:11:38]} 47. g4
{[%clk 0:21:54]} hxg4 {[%clk 0:12:05]} 1/2-1/2

[Event "Superfinal (women)"]
[Site "Moscow"]
[Date "2020.12.15"]
[Round "10.4"]
[White "Getman, Tatyana"]
[Black "Grigorieva, Yulia"]
[Result "1/2-1/2"]
[BlackElo "2290"]
[WhiteElo "2302"]
[LiveChessVersion "1.4.8"]

1. c4 {[%clk 1:30:58]} Nf6 {[%clk 1:30:48]} 2. Nc3 {[%clk 1:31:21]} g6
{[%clk 1:31:00]} 3. e4 {[%clk 1:31:41]} d6 {[%clk 1:30:24]} 4. d4
{[%clk 1:32:01]} Bg7 {[%clk 1:30:41]} 5. Nf3 {[%clk 1:32:15]} O-O
{[%clk 1:29:32]} 6. h3 {[%clk 1:32:34]} a6 {[%clk 1:28:40]} 7. Qc2
{[%clk 1:27:49]} c5 {[%clk 1:23:02]} 8. d5 {[%clk 1:27:40]} e6 {[%clk 1:16:25]}
9. Bd3 {[%clk 1:26:22]} b5 {[%clk 1:05:27]} 10. dxe6 {[%clk 1:12:41]} fxe6
{[%clk 1:03:44]} 11. cxb5 {[%clk 1:11:32]} d5 {[%clk 0:59:21]} 12. O-O
{[%clk 1:05:48]} c4 {[%clk 0:46:33]} 13. Be2 {[%clk 1:06:12]} d4 {[%clk 0:41:44]}
14. Rd1 {[%clk 1:05:29]} d3 {[%clk 0:41:09]} 15. Qa4 {[%clk 1:05:40]} Qc7
{[%clk 0:37:57]} 16. Bf1 {[%clk 1:05:33]} Bb7 {[%clk 0:28:02]} 17. b6
{[%clk 0:58:38]} Qc6 {[%clk 0:24:27]} 18. Qxc6 {[%clk 0:58:48]} Nxc6
{[%clk 0:23:34]} 19. Be3 {[%clk 0:57:43]} Rac8 {[%clk 0:17:47]} 20. a3
{[%clk 0:54:05]} Na5 {[%clk 0:16:22]} 21. Nd2 {[%clk 0:54:30]} Nd7
{[%clk 0:15:20]} 22. Rac1 {[%clk 0:42:28]} Nc5 {[%clk 0:09:42]} 23. Bxc5
{[%clk 0:40:06]} Rxc5 {[%clk 0:10:11]} 24. Na4 {[%clk 0:40:15]} Rc6
{[%clk 0:06:21]} 25. b4 {[%clk 0:39:40]} cxb3 {[%clk 0:05:07]} 26. Rc5
{[%clk 0:40:00]} Rxc5 {[%clk 0:03:12]} 27. Nxc5 {[%clk 0:40:25]} Bd4
{[%clk 0:02:46]} 28. Ndxb3 {[%clk 0:32:04]} Nxb3 {[%clk 0:02:37]} 29. Nxb7
{[%clk 0:32:03]} Bxf2+ {[%clk 0:01:30]} 30. Kh1 {[%clk 0:32:14]} Bxb6
{[%clk 0:00:56]} 31. Bxd3 {[%clk 0:31:57]} Nd4 {[%clk 0:00:44]} 32. Bc4
{[%clk 0:23:05]} Kg7 {[%clk 0:00:40]} 33. a4 {[%clk 0:20:49]} a5 {[%clk 0:00:35]}
34. Rb1 {[%clk 0:21:00]} Bc7 {[%clk 0:00:42]} 35. Nc5 {[%clk 0:21:15]} Rb8
{[%clk 0:00:38]} 36. Rc1 {[%clk 0:13:19]} Bd6 {[%clk 0:00:46]} 37. Nxe6+
{[%clk 0:11:35]} Nxe6 {[%clk 0:01:13]} 38. Bxe6 {[%clk 0:11:59]} Rb4
{[%clk 0:01:09]} 39. Re1 {[%clk 0:10:48]} Bg3 {[%clk 0:01:07]} 40. Ra1
{[%clk 0:40:40]} Be5 {[%clk 0:30:58]} 41. Rd1 {[%clk 0:33:58]} Rxa4
{[%clk 0:28:02]} 42. Bd5 {[%clk 0:34:16]} 1/2-1/2

[Event "Superfinal (women)"]
[Site "Moscow"]
[Date "2020.12.15"]
[Round "10.5"]
[White "Gunina, Valentina"]
[Black "Galliamova, Alisa"]
[Result "0-1"]
[BlackElo "2438"]
[WhiteElo "2451"]
[LiveChessVersion "1.4.8"]

1. d4 {[%clk 1:30:57]} d5 {[%clk 1:30:55]} 2. Nf3 {[%clk 1:31:21]} Nf6
{[%clk 1:31:15]} 3. c4 {[%clk 1:31:45]} c6 {[%clk 1:31:42]} 4. g3
{[%clk 1:32:11]} g6 {[%clk 1:30:50]} 5. Bg2 {[%clk 1:32:28]} Bg7 {[%clk 1:31:07]}
6. cxd5 {[%clk 1:32:48]} cxd5 {[%clk 1:31:19]} 7. Ne5 {[%clk 1:33:06]} O-O
{[%clk 1:30:13]} 8. O-O {[%clk 1:33:31]} Nc6 {[%clk 1:19:09]} 9. Nxc6
{[%clk 1:31:37]} bxc6 {[%clk 1:19:35]} 10. Nc3 {[%clk 1:32:03]} Bf5
{[%clk 1:17:01]} 11. Qa4 {[%clk 1:30:12]} Qb6 {[%clk 1:13:27]} 12. b3
{[%clk 1:26:30]} e5 {[%clk 0:53:19]} 13. dxe5 {[%clk 1:23:49]} Ng4
{[%clk 0:53:33]} 14. Bf4 {[%clk 1:19:53]} Nxe5 {[%clk 0:51:07]} 15. Rac1
{[%clk 1:19:27]} Rfd8 {[%clk 0:47:51]} 16. e4 {[%clk 1:15:51]} Be6
{[%clk 0:31:02]} 17. exd5 {[%clk 1:15:45]} cxd5 {[%clk 0:31:27]} 18. Bxe5
{[%clk 1:07:30]} Bxe5 {[%clk 0:31:49]} 19. Rfd1 {[%clk 1:07:48]} Rac8
{[%clk 0:27:50]} 20. Ne2 {[%clk 1:02:23]} Rxc1 {[%clk 0:26:53]} 21. Nxc1
{[%clk 1:02:34]} Rc8 {[%clk 0:22:20]} 22. Nd3 {[%clk 1:01:09]} Bd4
{[%clk 0:21:34]} 23. b4 {[%clk 0:52:45]} Bg4 {[%clk 0:16:39]} 24. Rd2
{[%clk 0:39:36]} Bc3 {[%clk 0:15:40]} 25. Rc2 {[%clk 0:39:58]} Bd1
{[%clk 0:10:01]} 26. Bxd5 {[%clk 0:37:53]} Bxc2 {[%clk 0:09:03]} 27. Qxc2
{[%clk 0:38:19]} Rc7 {[%clk 0:08:30]} 28. Qe2 {[%clk 0:31:24]} Qd6
{[%clk 0:03:31]} 29. Bb3 {[%clk 0:30:23]} Bxb4 {[%clk 0:03:05]} 30. h4
{[%clk 0:30:26]} h5 {[%clk 0:02:19]} 31. Nf4 {[%clk 0:29:19]} Bc5
{[%clk 0:02:07]} 32. Kg2 {[%clk 0:28:29]} Re7 {[%clk 0:02:03]} 33. Qf3
{[%clk 0:28:45]} Bd4 {[%clk 0:01:44]} 34. Nd5 {[%clk 0:28:03]} Rd7
{[%clk 0:01:26]} 35. g4 {[%clk 0:26:26]} hxg4 {[%clk 0:01:24]} 36. Qxg4
{[%clk 0:26:54]} Bg7 {[%clk 0:01:27]} 37. h5 {[%clk 0:26:49]} Kf8
{[%clk 0:00:48]} 38. Kf1 {[%clk 0:18:52]} gxh5 {[%clk 0:01:08]} 39. Qxh5
{[%clk 0:17:19]} Qa6+ {[%clk 0:01:25]} 40. Ke1 {[%clk 0:47:26]} Qa5+
{[%clk 0:31:29]} 41. Kf1 {[%clk 0:44:33]} Qa6+ {[%clk 0:30:04]} 42. Ke1
{[%clk 0:42:34]} Re7+ {[%clk 0:15:52]} 43. Kd2 {[%clk 0:40:38]} Re5
{[%clk 0:11:45]} 44. Qf3 {[%clk 0:34:05]} Bh6+ {[%clk 0:11:53]} 45. Ne3
{[%clk 0:32:37]} Bxe3+ {[%clk 0:11:15]} 46. fxe3 {[%clk 0:33:03]} Qa5+
{[%clk 0:10:25]} 47. Kd1 {[%clk 0:32:30]} Rf5 {[%clk 0:10:13]} 48. Qh1
{[%clk 0:29:58]} Rf6 {[%clk 0:08:48]} 49. Qh8+ {[%clk 0:25:46]} Ke7
{[%clk 0:09:15]} 50. Qh4 {[%clk 0:26:00]} Qf5 {[%clk 0:08:43]} 51. Ke1
{[%clk 0:24:28]} Qf1+ {[%clk 0:08:15]} 52. Kd2 {[%clk 0:24:35]} Qf2+
{[%clk 0:08:33]} 53. Qxf2 {[%clk 0:25:01]} Rxf2+ {[%clk 0:08:58]} 54. Kd3
{[%clk 0:25:23]} Kd6 {[%clk 0:08:15]} 55. Kd4 {[%clk 0:24:49]} f6
{[%clk 0:06:48]} 56. Bf7 {[%clk 0:23:38]} Rd2+ {[%clk 0:06:16]} 57. Kc3
{[%clk 0:23:29]} Rh2 {[%clk 0:06:37]} 58. Kd4 {[%clk 0:23:04]} Rh4+
{[%clk 0:06:15]} 59. e4 {[%clk 0:21:25]} Rh8 {[%clk 0:05:01]} 60. Bc4
{[%clk 0:13:39]} Rb8 {[%clk 0:05:05]} 61. a4 {[%clk 0:13:39]} Rb4
{[%clk 0:03:01]} 62. a5 {[%clk 0:13:35]} Ra4 {[%clk 0:03:17]} 63. a6
{[%clk 0:13:04]} 0-1